000 00306nam a2200133Ia 4500
008 151001s9999||||xx |||||||||||||| ||und||
100 _aजाधव वामन
245 _aअंधार
250 _a1
260 _bमेघना
260 _c2008
300 _a76
365 _b18
999 _c993450
_d993447